[Event "SV Würselen 1 - SG Solingen 3"]
[Site "NRW-Klasse, Gruppe 2 2013/201"]
[Date "2013.09.15"]
[Round "1.5"]
[White "Blasek, Ralph"]
[Black "Andok, Claus Michael"]
[Result "1-0"]
[WhiteElo "2138"]
[BlackElo "2079"]
[Annotator "Doe,John"]
[PlyCount "71"]
[EventDate "2013.??.??"]
[WhiteTeam "SG Solingen 3"]
[BlackTeam "SV Würselen 1"]

1. e4 c6 2. d4 g6 3. h4 h5 4. Nc3 Bg7 5. Be3 d5 6. Nf3 Nh6 7. Qd2 a5 8. exd5
cxd5 9. Bb5+ Bd7 10. Bxd7+ Qxd7 11. Ne5 Qe6 12. Ne2 Nc6 13. Nf4 Qd6 14. Nfd3
Nf5 $11 15. Nxc6 Qxc6 16. c3 b6 17. Bf4 Qe6+ 18. Kf1 O-O 19. Re1 Qc6 20. f3
Rfe8 21. g4 hxg4 22. fxg4 e5 23. dxe5 d4 24. Rh3 Ne3+ 25. Bxe3 dxe3 26. Qxe3
Rad8 27. Qe4 Qb5 28. a4 Qb3 29. h5 Rf8 30. h6 f5 31. exf6 Rxf6+ 32. Kg1 Bf8 33.
Nf4 Rd1 34. g5 Rxf4 35. h7+ Kh8 36. Qe5+ 1-0

[Event "SV Würselen 1 - SG Solingen 3"]
[Site "NRW-Klasse, Gruppe 2 2013/201"]
[Date "2013.09.15"]
[Round "1.6"]
[White "Kinderreich, Toni"]
[Black "Zolfagharian, Kevin"]
[Result "1/2-1/2"]
[WhiteElo "2061"]
[BlackElo "2068"]
[PlyCount "72"]
[EventDate "2013.??.??"]
[WhiteTeam "SV Würselen 1"]
[BlackTeam "SG Solingen 3"]

1. d4 d5 2. Nf3 Nf6 3. Bf4 c5 4. c3 e6 5. Nbd2 Nc6 6. e3 Be7 7. Bd3 c4 8. Bc2
b5 9. Ne5 Bb7 10. b4 a5 11. Nxc6 Bxc6 12. a3 Bd6 13. O-O O-O 14. Qf3 Bxf4 15.
exf4 Ra7 16. Rac1 Qd6 17. Rfe1 Nd7 18. g4 Raa8 19. g5 g6 20. Re3 axb4 21. axb4
f6 22. Qg4 Rae8 23. Rce1 e5 24. f5 e4 25. fxg6 f5 26. gxh7+ Kh8 27. Qh5 Re7 28.
Rh3 Qf4 29. Ree3 Rg7 30. Qh6 Rxg5+ 31. Reg3 Rxg3+ 32. hxg3 Qxh6 33. Rxh6 Rf6
34. Rh5 Nf8 35. Nf1 Be8 36. Rh4 Nxh7 1/2-1/2

[Event "SV Würselen 1 - SG Solingen 3"]
[Site "NRW-Klasse, Gruppe 2 2013/201"]
[Date "2013.09.15"]
[Round "1.7"]
[White "Peschel, Andreas"]
[Black "Heinichen, Nils"]
[Result "1/2-1/2"]
[WhiteElo "2027"]
[BlackElo "2044"]
[Annotator "Doe,John"]
[PlyCount "63"]
[EventDate "2013.??.??"]
[WhiteTeam "SG Solingen 3"]
[BlackTeam "SV Würselen 1"]

1. d4 f5 2. g3 Nf6 3. Bg2 e6 4. Bg5 d5 5. Nh3 Bd6 6. O-O O-O 7. f3 c5 8. c3 Qb6
9. Qd2 cxd4 10. cxd4 e5 11. Bxf6 Rxf6 12. Nc3 Be6 13. f4 e4 14. Ng5 Bb4 15.
Nxe6 Rxe6 16. e3 Nc6 17. Rfc1 Rc8 18. a3 Bxc3 19. Rxc3 Ne7 20. Rac1 Rec6 21. b4
a6 22. Bf1 Rxc3 23. Rxc3 Rxc3 24. Qxc3 Kf7 25. Kf2 Ke6 26. Bh3 g6 27. Ke1 Qb5
28. Bf1 Qc6 $11 29. Kd2 Qxc3+ 30. Kxc3 Kd6 31. Be2 h5 32. Bd1 1/2-1/2

[Event "SV Würselen 1 - SG Solingen 3"]
[Site "NRW-Klasse, Gruppe 2 2013/201"]
[Date "2013.09.15"]
[Round "1.8"]
[White "Blagojevic, Lubo"]
[Black "Erkay, Ali-Necip"]
[Result "1-0"]
[WhiteElo "2033"]
[BlackElo "1925"]
[PlyCount "115"]
[EventDate "2013.??.??"]
[WhiteTeam "SV Würselen 1"]
[BlackTeam "SG Solingen 3"]

1. e4 Nf6 2. e5 Nd5 3. c4 Nb6 4. c5 Nd5 5. Bc4 e6 6. d4 b6 7. Bxd5 exd5 8. cxb6
axb6 9. Nc3 Bb7 10. Qb3 Nc6 11. Nge2 d6 12. exd6 Bxd6 13. Be3 Na5 14. Qc2 Nc4
15. Bf4 O-O 16. O-O Qf6 17. Bxd6 Nxd6 18. Rad1 Nf5 19. a3 Rfe8 20. Qd2 Nd6 21.
Ng3 Nc4 22. Qc1 h6 23. Nb5 Qc6 24. Nc3 Qd7 25. Rfe1 c6 26. a4 Ba6 27. b3 Nd6
28. Qf4 Rad8 29. h3 Bc8 30. Re5 f6 31. Ree1 Nf7 32. Qd2 Nd6 33. Rxe8+ Rxe8 34.
Nce2 Ne4 35. Qc2 f5 36. Rc1 Bb7 37. f3 Nxg3 38. Nxg3 g6 39. Qd2 Kg7 40. Re1 Bc8
41. Kf2 Rxe1 42. Qxe1 Qc7 43. b4 Kf7 44. Ne2 Ba6 45. Qc3 Qe7 46. Nc1 f4 47. a5
bxa5 48. bxa5 Bc4 49. Qd2 g5 50. Nd3 Bxd3 51. Qxd3 Qb4 52. a6 Qb2+ 53. Kg1 Qa1+
54. Kh2 Kg7 55. h4 gxh4 56. Qe2 Qxd4 57. Qe7+ Kg6 58. a7 1-0

[Event "SVG Plettenberg 1 - SF Neuenkirchen 1"]
[Site "NRW-Klasse, Gruppe 2 2013/201"]
[Date "2013.09.15"]
[Round "1.1"]
[White "Muschik, Benedikt"]
[Black "Haub, Thorsten Michael"]
[Result "1/2-1/2"]
[WhiteElo "2277"]
[BlackElo "2440"]
[PlyCount "41"]
[EventDate "2013.??.??"]
[WhiteTeam "SF Neuenkirchen 1"]
[BlackTeam "SVG Plettenberg 1"]

1. d4 g6 2. Nf3 Bg7 3. g3 f5 4. Bg2 Nf6 5. c4 c6 6. O-O O-O 7. Nc3 d6 8. d5 e5
9. dxe6 Bxe6 10. Qd3 Na6 11. Ng5 Bc8 12. Rd1 h6 13. Nf3 Ne4 14. Nxe4 fxe4 15.
Qxe4 Bf5 16. Qf4 Bd3 17. Qd2 Bxc4 18. Qc2 Bf7 19. Bf4 d5 20. Be5 Re8 21. Bxg7
1/2-1/2

[Event "SVG Plettenberg 1 - SF Neuenkirchen 1"]
[Site "NRW-Klasse, Gruppe 2 2013/201"]
[Date "2013.09.15"]
[Round "1.2"]
[White "Bosch, Jeroen"]
[Black "Rieke, Theo"]
[Result "1-0"]
[WhiteElo "2346"]
[BlackElo "2036"]
[PlyCount "54"]
[EventDate "2013.??.??"]
[WhiteTeam "SVG Plettenberg 1"]
[BlackTeam "SF Neuenkirchen 1"]

1. e4 g6 2. Nc3 Bg7 3. h4 h5 4. d4 d6 5. Be3 c6 6. Qd2 b5 7. f3 Qa5 8. a3 Bb7
9. Nh3 Nd7 10. Be2 Qc7 11. O-O Ngf6 12. Rad1 a6 13. Ng5 O-O 14. f4 Nh7 15. f5
Nxg5 16. Bxg5 Nf6 17. Bf3 c5 18. d5 Bc8 19. e5 Nh7 20. fxg6 fxg6 21. e6 Bd4+
22. Kh1 Bb7 23. Bh6 Bg7 24. Be4 Rxf1+ 25. Rxf1 Rf8 26. Rxf8+ Nxf8 27. Bxg7 Kxg7
1-0

[Event "SVG Plettenberg 1 - SF Neuenkirchen 1"]
[Site "NRW-Klasse, Gruppe 2 2013/201"]
[Date "2013.09.15"]
[Round "1.3"]
[White "Buendgen, Achim"]
[Black "Klip, Hans"]
[Result "1/2-1/2"]
[WhiteElo "2184"]
[BlackElo "2299"]
[Annotator "Doe,John"]
[PlyCount "92"]
[EventDate "2013.??.??"]
[WhiteTeam "SF Neuenkirchen 1"]
[BlackTeam "SVG Plettenberg 1"]

1. e4 e5 2. Bc4 Nf6 3. d4 exd4 4. Nf3 Nc6 5. e5 d5 6. Bb5 Ne4 7. Nxd4 Bd7 8.
Bxc6 bxc6 9. O-O Bc5 10. f3 Ng5 11. f4 Ne4 12. Be3 Bb6 13. Nd2 c5 14. N4f3 Nxd2
15. Qxd2 d4 16. Bf2 Bc6 17. Bh4 Qd5 18. b3 c4 19. bxc4 Qxc4 20. Kh1 Qc3 21.
Rad1 Qxd2 22. Rxd2 Bb5 23. Rb1 Bc4 24. Nxd4 Bxa2 25. Ra1 Be6 26. c3 O-O 27. Be7
Rfe8 28. Ba3 Red8 29. Rad1 Bg4 30. Re1 c5 31. Nb3 Rxd2 32. Nxd2 Rd8 33. Ne4 Rd5
34. Nf2 Be6 35. Rd1 c4 36. Rxd5 Bxd5 37. Nd1 f6 38. exf6 gxf6 39. h3 Kf7 40.
Kh2 Ke6 41. g4 Bf3 42. Nb2 Be2 43. Kg3 $11 f5 44. Na4 Be3 45. Nc5+ Kd5 46. Nd7
fxg4 1/2-1/2

[Event "SVG Plettenberg 1 - SF Neuenkirchen 1"]
[Site "NRW-Klasse, Gruppe 2 2013/201"]
[Date "2013.09.15"]
[Round "1.4"]
[White "Pieper, Dawid"]
[Black "Wilde, Pierre"]
[Result "0-1"]
[WhiteElo "2162"]
[BlackElo "2241"]
[PlyCount "80"]
[EventDate "2013.??.??"]
[WhiteTeam "SVG Plettenberg 1"]
[BlackTeam "SF Neuenkirchen 1"]

1. e4 c5 2. Nf3 a6 3. c3 d5 4. exd5 Qxd5 5. d4 e6 6. Na3 Nf6 7. Nc4 Nbd7 8. Be2
cxd4 9. Qxd4 Bc5 10. Qh4 b5 11. Ne3 Qe4 12. Qh3 Bb7 13. O-O O-O 14. Rd1 Ne5 15.
Nxe5 Qxe5 16. Qg3 Qxg3 17. hxg3 Ne4 18. a4 Bc6 19. Bf3 f5 20. Bxe4 Bxe4 21. b4
Be7 22. axb5 axb5 23. Ra5 Rxa5 24. bxa5 Ra8 25. Rd7 Kf8 26. f3 Bc6 27. Rc7 Be8
28. Rxe7 Kxe7 29. Ba3+ Kf6 30. Bb4 Rd8 31. c4 Rd3 32. Kf2 Rb3 33. Bc5 Rb2+ 34.
Ke1 Ra2 35. Bb4 bxc4 36. Nxc4 Bb5 37. Nd2 e5 38. Kf2 Ke6 39. Ke3 Ra4 40. Bc3
Ra3 0-1

[Event "SVG Plettenberg 1 - SF Neuenkirchen 1"]
[Site "NRW-Klasse, Gruppe 2 2013/201"]
[Date "2013.09.15"]
[Round "1.5"]
[White "Haves, Reinhard"]
[Black "Bouaraba, Max"]
[Result "1/2-1/2"]
[WhiteElo "2151"]
[BlackElo "2151"]
[PlyCount "109"]
[EventDate "2013.??.??"]
[WhiteTeam "SF Neuenkirchen 1"]
[BlackTeam "SVG Plettenberg 1"]

1. d4 Nf6 2. Nf3 d5 3. g3 e6 4. Bg2 Be7 5. c4 O-O 6. O-O a6 7. Ne5 Nbd7 8. Nc3
c6 9. Bf4 Nxe5 10. dxe5 Nd7 11. cxd5 cxd5 12. e4 d4 13. Qxd4 Qa5 14. a3 g5 15.
b4 Qc7 16. Be3 Qxe5 17. Rac1 Qxd4 18. Bxd4 a5 19. e5 axb4 20. axb4 Bxb4 21. Ne4
Ra5 22. Rc4 Ba3 23. Nd6 Bxd6 24. exd6 b6 25. Rc7 Rd8 26. Bc6 Ne5 27. Bxe5 Rxe5
28. d7 Ba6 29. Rc1 Kf8 30. Ra7 Bb5 31. Rb7 Bxc6 32. Rxc6 Ke7 33. Rcxb6 Rd5 34.
Kg2 R8xd7 35. Rxd7+ Rxd7 36. g4 Kf6 37. Kg3 h5 38. h3 Rd3+ 39. Kg2 h4 40. Rb7
Kg6 41. Rb6 Rd1 42. Rb7 Re1 43. Rb8 f5 44. gxf5+ exf5 45. Rg8+ Kh6 46. f4 gxf4
47. Kf3 Rf1+ 48. Kg2 Rc1 49. Kf3 Rc4 50. Rg1 Kh5 51. Rg8 Rc3+ 52. Kxf4 Rxh3 53.
Rg5+ Kh6 54. Rxf5 Rh1 55. Ra5 1/2-1/2

[Event "SVG Plettenberg 1 - SF Neuenkirchen 1"]
[Site "NRW-Klasse, Gruppe 2 2013/201"]
[Date "2013.09.15"]
[Round "1.6"]
[White "Jansen, Dirk Norbert"]
[Black "Seegers, Hendrik"]
[Result "1-0"]
[WhiteElo "2115"]
[BlackElo "2166"]
[Annotator "Doe,John"]
[PlyCount "61"]
[EventDate "2013.??.??"]
[WhiteTeam "SVG Plettenberg 1"]
[BlackTeam "SF Neuenkirchen 1"]

1. e4 d5 2. exd5 Nf6 3. d4 Nxd5 4. Nf3 g6 5. c4 Nb6 6. Nc3 Bg7 7. c5 Nd5 8. Bc4
c6 9. O-O O-O 10. Re1 b6 11. Bg5 Be6 12. Nxd5 cxd5 13. Bxe7 Qxe7 14. Bxd5 Na6
15. Bxa8 Rxa8 16. d5 Rd8 17. Qe2 Rxd5 18. Qxa6 Rxc5 19. b4 Rc7 20. Rad1 Bc3 21.
Re3 Bxb4 $11 22. Qe2 Qf6 23. Ne5 Qf5 24. Red3 Kg7 25. h3 Rc5 26. Ng4 Ba5 27.
Qb2+ Kf8 28. Rd8+ Ke7 29. Qh8 Bd7 30. Qf8+ Ke6 31. R8xd7 1-0

[Event "SVG Plettenberg 1 - SF Neuenkirchen 1"]
[Site "NRW-Klasse, Gruppe 2 2013/201"]
[Date "2013.09.15"]
[Round "1.7"]
[White "Hachmeister, Dirk"]
[Black "Kuhnen, Thomas"]
[Result "1-0"]
[WhiteElo "2188"]
[BlackElo "2055"]
[PlyCount "53"]
[EventDate "2013.??.??"]
[WhiteTeam "SF Neuenkirchen 1"]
[BlackTeam "SVG Plettenberg 1"]

1. Nf3 f5 2. e4 fxe4 3. Ng5 Nf6 4. d3 e3 5. Bxe3 e6 6. d4 Be7 7. Bd3 g6 8. h4
Kf8 9. Nc3 Kg7 10. Qe2 c5 11. dxc5 Qa5 12. O-O-O Nc6 13. h5 h6 14. hxg6 hxg5
15. Rxh8 Kxh8 16. Qf3 Ne5 17. Qh3+ Kg7 18. Rh1 Nxd3+ 19. cxd3 Kxg6 20. Qh6+ Kf7
21. Qxg5 Qd8 22. Ne4 Qg8 23. Qf4 Qg6 24. Bd4 Qf5 25. Qe3 Nxe4 26. dxe4 Qg6 27.
Qf4+ 1-0

[Event "SVG Plettenberg 1 - SF Neuenkirchen 1"]
[Site "NRW-Klasse, Gruppe 2 2013/201"]
[Date "2013.09.15"]
[Round "1.8"]
[White "Schulze, Marc"]
[Black "Beckmann, Klaus"]
[Result "1/2-1/2"]
[WhiteElo "2024"]
[BlackElo "2071"]
[PlyCount "22"]
[EventDate "2013.??.??"]
[WhiteTeam "SVG Plettenberg 1"]
[BlackTeam "SF Neuenkirchen 1"]

1. d4 Nf6 2. Bf4 d5 3. Nf3 e6 4. e3 c5 5. c3 Nc6 6. Nbd2 Bd6 7. Bg3 O-O 8. Bd3
b6 9. O-O Bxg3 10. hxg3 Bb7 11. Qe2 Rc8 1/2-1/2

[Event "Herforder SV Königsspringer 1 - LSV Tur"]
[Site "NRW-Klasse, Gruppe 2 2013/201"]
[Date "2013.09.15"]
[Round "1.1"]
[White "Wehmeier, Stefan"]
[Black "Nordsieck, Thomas"]
[Result "0-1"]
[WhiteElo "2387"]
[BlackElo "2244"]
[PlyCount "74"]
[EventDate "2013.??.??"]
[WhiteTeam "LSV Turm Lippstadt 1"]
[BlackTeam "Herforder SV Königsspringer 1"]

1. e4 c5 2. Nf3 Nc6 3. d4 cxd4 4. Nxd4 g6 5. Nc3 Bg7 6. Be3 Nf6 7. Bc4 O-O 8.
Bb3 d6 9. f3 Bd7 10. Qd2 Rc8 11. O-O-O Ne5 12. Kb1 Re8 13. h4 h5 14. Bh6 Bh8
15. g4 Nc4 16. Qe2 b5 17. Ncxb5 d5 18. Nxa7 Ra8 19. Nac6 Qb6 20. exd5 Nxb2 21.
Kxb2 Nxd5 22. Qc4 Bxc6 23. c3 Bb7 24. Bd2 Rec8 25. Qd3 Ba6 26. Qe4 Bc4 27. Rb1
Bxd4 28. Qxd4 Qa6 29. gxh5 e5 30. Qxe5 Bxb3 31. axb3 Nb4 32. Ra1 Nd3+ 33. Kc2
Nxe5 34. Rxa6 Rxa6 35. hxg6 Ra2+ 36. Kd1 Rd8 37. gxf7+ Kxf7 0-1

[Event "Herforder SV Königsspringer 1 - LSV Tur"]
[Site "NRW-Klasse, Gruppe 2 2013/201"]
[Date "2013.09.15"]
[Round "1.2"]
[White "Wolf, Andre"]
[Black "Matthias, Heiner"]
[Result "1/2-1/2"]
[WhiteElo "2141"]
[BlackElo "2311"]
[PlyCount "90"]
[EventDate "2013.??.??"]
[WhiteTeam "Herforder SV Königsspringer 1"]
[BlackTeam "LSV Turm Lippstadt 1"]

1. e4 g6 2. d4 Bg7 3. Nc3 d6 4. Be3 a6 5. Qd2 Nf6 6. Nf3 b5 7. Bd3 Bb7 8. a4 b4
9. Nd5 Nxd5 10. exd5 Bxd5 11. Qxb4 O-O 12. Be2 Nc6 13. Qd2 Rb8 14. b3 e5 15.
dxe5 Bxf3 16. gxf3 Bxe5 17. Rd1 Qh4 18. f4 Bf6 19. h3 Rfe8 20. Kf1 Ne7 21. Bxa6
Nf5 22. Re1 d5 23. Qxd5 Bc3 24. Kg2 Bxe1 25. Rxe1 Nxe3+ 26. Rxe3 Rxe3 27. fxe3
Rd8 28. Qa5 Qe7 29. Qc3 Qe4+ 30. Kf2 Qe6 31. Bf1 Rd6 32. Qxc7 Rd2+ 33. Be2 h5
34. Qc3 Rd8 35. Kg3 Re8 36. Bb5 Rc8 37. Bc4 Qe8 38. Qe5 Qc6 39. Qe7 Rf8 40. a5
Qh1 41. a6 Qg1+ 42. Kf3 Qd1+ 43. Kg3 Qg1+ 44. Kf3 Qd1+ 45. Kg3 Qg1+ 1/2-1/2

[Event "Herforder SV Königsspringer 1 - LSV Tur"]
[Site "NRW-Klasse, Gruppe 2 2013/201"]
[Date "2013.09.15"]
[Round "1.3"]
[White "Brenke, Andreas"]
[Black "Peist, Juergen"]
[Result "1/2-1/2"]
[WhiteElo "2301"]
[BlackElo "2237"]
[PlyCount "49"]
[EventDate "2013.??.??"]
[WhiteTeam "LSV Turm Lippstadt 1"]
[BlackTeam "Herforder SV Königsspringer 1"]

1. d4 e6 2. Nf3 c5 3. e3 Nf6 4. Bd3 Nc6 5. O-O b6 6. c4 Bb7 7. Nc3 g6 8. d5 Nb4
9. Be2 exd5 10. a3 Na6 11. cxd5 Bg7 12. e4 O-O 13. e5 Ne8 14. d6 Nb8 15. Re1
Kh8 16. Bc4 Bxf3 17. Qxf3 Nc6 18. Bd5 Nd4 19. Qd3 Rc8 20. Nb5 f6 21. Nxd4 cxd4
22. e6 dxe6 23. Bxe6 Rc6 24. Qxd4 Rxd6 25. Qc4 1/2-1/2

[Event "Herforder SV Königsspringer 1 - LSV Tur"]
[Site "NRW-Klasse, Gruppe 2 2013/201"]
[Date "2013.09.15"]
[Round "1.4"]
[White "Pieper-Emden, Carsten"]
[Black "Schroeder, Kevin"]
[Result "0-1"]
[WhiteElo "2156"]
[BlackElo "2137"]
[PlyCount "94"]
[EventDate "2013.??.??"]
[WhiteTeam "Herforder SV Königsspringer 1"]
[BlackTeam "LSV Turm Lippstadt 1"]

1. e4 e5 2. Nf3 Nf6 3. Nc3 Nc6 4. d4 Bb4 5. d5 Ne7 6. Bd2 d6 7. Bd3 Ng6 8. g3
O-O 9. Qe2 c5 10. a3 Bxc3 11. Bxc3 Bd7 12. a4 Qc7 13. Nd2 b6 14. b3 Rfe8 15.
Bb5 Qc8 16. Ba6 Qc7 17. O-O Ng4 18. Bb5 Nh6 19. f3 f5 20. Bxd7 Qxd7 21. Nc4 Rf8
22. Qg2 Qe7 23. Rae1 Rf7 24. exf5 Nxf5 25. f4 Raf8 26. fxe5 dxe5 27. Qe4 Nd4
28. Bxd4 exd4 29. Qxe7 Rxe7 30. d6 Rxf1+ 31. Rxf1 Re8 32. Rf5 Nf8 33. Re5 Kf7
34. d7 Rd8 35. Nd6+ Kg8 36. a5 Rxd7 37. Nc8 Ng6 38. axb6 axb6 39. Re6 b5 40.
Rb6 c4 41. bxc4 bxc4 42. Nd6 d3 43. cxd3 cxd3 44. Kf2 Rd8 45. Rc6 d2 46. Ke2
Ne7 47. Ra6 Nf5 0-1

[Event "Herforder SV Königsspringer 1 - LSV Tur"]
[Site "NRW-Klasse, Gruppe 2 2013/201"]
[Date "2013.09.15"]
[Round "1.5"]
[White "Fecke, Andreas"]
[Black "Loemker, Michael"]
[Result "0-1"]
[WhiteElo "2127"]
[BlackElo "2092"]
[PlyCount "76"]
[EventDate "2013.??.??"]
[WhiteTeam "LSV Turm Lippstadt 1"]
[BlackTeam "Herforder SV Königsspringer 1"]

1. e4 g6 2. Nf3 d6 3. Be2 Bg7 4. O-O Nf6 5. c3 O-O 6. d3 e5 7. Nbd2 Nc6 8. b4
a6 9. a4 h6 10. Rb1 Kh7 11. b5 axb5 12. axb5 Ne7 13. d4 exd4 14. cxd4 d5 15. e5
Ne4 16. Qc2 Be6 17. Bd3 Nxd2 18. Bxd2 Qd7 19. Rfc1 Rfc8 20. Ra1 Rxa1 21. Rxa1
Bg4 22. Bf4 Nf5 23. Bxf5 Bxf5 24. Qc3 Qxb5 25. e6 Bxe6 26. Bxc7 Qc4 27. Qxc4
dxc4 28. Bd6 Rc6 29. Bb4 Bd5 30. Ne5 Bxe5 31. dxe5 c3 32. Kf1 c2 33. Rc1 g5 34.
g3 g4 35. Ke1 Kg6 36. Kd2 Be4 37. Ra1 Kf5 38. Bc3 Rb6 0-1

[Event "Herforder SV Königsspringer 1 - LSV Tur"]
[Site "NRW-Klasse, Gruppe 2 2013/201"]
[Date "2013.09.15"]
[Round "1.6"]
[White "Quelle, Helmut"]
[Black "Wagner, Alexej"]
[Result "0-1"]
[WhiteElo "2084"]
[BlackElo "2192"]
[PlyCount "150"]
[EventDate "2013.??.??"]
[WhiteTeam "Herforder SV Königsspringer 1"]
[BlackTeam "LSV Turm Lippstadt 1"]

1. Nf3 d5 2. g3 Nf6 3. Bg2 c6 4. c4 dxc4 5. Qc2 Qd5 6. Na3 g6 7. Nxc4 Bg7 8. d3
O-O 9. h3 Nbd7 10. e4 Qb5 11. a4 Qa6 12. Ra3 Nb6 13. Ne3 Nbd7 14. O-O Qa5 15.
Bd2 Qc7 16. d4 Ne8 17. Rc1 Nb8 18. b4 Bd7 19. Nc4 Qc8 20. Kh2 Na6 21. Nfe5 Nac7
22. Be3 Be6 23. Nd3 Qd8 24. Nc5 Bc8 25. Qd2 Nd6 26. Ne5 Ne6 27. f4 Kh8 28. Qa2
Qe8 29. d5 cxd5 30. exd5 Nd8 31. Ne4 Bf5 32. Nc5 Bc8 33. Rac3 b6 34. Nb3 Bb7
35. Nc4 Bxc3 36. Rxc3 Nxc4 37. Rxc4 f6 38. Nd4 Rc8 39. Nb5 a6 40. Rxc8 Bxc8 41.
Nc7 Qd7 42. Na8 b5 43. Nb6 Qc7 44. axb5 axb5 45. Qe2 Bd7 46. Bc5 Re8 47. Na8
Qb7 48. d6 exd6 49. Qb2 Bc6 50. Qxf6+ Qg7 51. Qxd6 Bxg2 52. Bd4 Bxa8 53. Bxg7+
Kxg7 54. Qd7+ Kf8 55. Qd6+ Kg8 56. Qd7 Bc6 57. Qd6 Bf3 58. Kg1 Nf7 59. Qd7 Rb8
60. Kf2 Bh1 61. Qc7 Rb7 62. Qc8+ Kg7 63. g4 Nd6 64. Qd8 Nc4 65. Qd4+ Kf7 66. g5
Ke6 67. Qf6+ Kd5 68. Kg1 Be4 69. Qd8+ Nd6 70. Kf2 Ra7 71. Qb6 Ra2+ 72. Ke1 Rc2
73. Qd8 Rc6 74. Qg8+ Kd4 75. Qxh7 Ke3 0-1

[Event "Herforder SV Königsspringer 1 - LSV Tur"]
[Site "NRW-Klasse, Gruppe 2 2013/201"]
[Date "2013.09.15"]
[Round "1.7"]
[White "Roemhild, Marcus"]
[Black "Heuermann, Heinz-Burkhard"]
[Result "1/2-1/2"]
[WhiteElo "2066"]
[BlackElo "1915"]
[PlyCount "163"]
[EventDate "2013.??.??"]
[WhiteTeam "LSV Turm Lippstadt 1"]
[BlackTeam "Herforder SV Königsspringer 1"]

1. c4 c6 2. g3 d5 3. Bg2 g6 4. cxd5 cxd5 5. Nc3 Nf6 6. Qb3 e6 7. Nf3 Bg7 8. O-O
O-O 9. d3 Nbd7 10. Bd2 Nc5 11. Qa3 b6 12. Rac1 Bb7 13. b4 Na6 14. Nb5 Qe7 15.
Bf4 Ne8 16. Bd2 Nd6 17. Nbd4 e5 18. Nb3 Nb5 19. Qa4 Qd7 20. d4 e4 21. Ne5 Qe8
22. Rfe1 Nxd4 23. Qxe8 Rfxe8 24. Nxd4 Bxe5 25. e3 Rac8 26. Bh3 f5 27. g4 Rxc1
28. Rxc1 Bxd4 29. exd4 Rc8 30. Rxc8+ Bxc8 31. gxf5 Bxf5 32. Bf1 Nb8 33. Bb5 Bd7
34. Bf4 Bxb5 35. Bxb8 a5 36. bxa5 bxa5 37. Kg2 Kf7 38. Kg3 g5 39. a4 Bxa4 40.
Bc7 Kg6 41. Bxa5 Kf5 42. Bd2 h5 43. h4 gxh4+ 44. Kxh4 Bd1 45. Be3 Bf3 46. Kg3
Ke6 47. Kh4 Kd7 48. Kg5 Kc6 49. Kh4 Kb5 50. Kg3 Kc4 51. Kh3 Kd3 52. Kg3 Ke2 53.
Kh3 Kf1 54. Kg3 Kg1 55. Kh3 Bg4+ 56. Kg3 Kf1 57. Bg5 Bf3 58. Be3 Ke2 59. Kh3
Kf1 60. Kg3 Kg1 61. Kh3 Bd1 62. Kg3 Kf1 63. Kh3 Be2 64. Kg3 Bg4 65. Bg5 Ke2 66.
Be3 Bd7 67. Bg5 Be6 68. Be3 Bf7 69. Bg5 Kd3 70. Be3 Be8 71. Kh4 Bf7 72. Kg3 Ke2
73. Bg5 Be6 74. Be3 Bd7 75. Kh4 Bg4 76. Kg3 Bf3 77. Kh3 Ke1 78. Kg3 Kf1 79. Kh3
Be2 80. Kg3 Bd1 81. Kh3 Ke1 82. Kg3 1/2-1/2

[Event "Herforder SV Königsspringer 1 - LSV Tur"]
[Site "NRW-Klasse, Gruppe 2 2013/201"]
[Date "2013.09.15"]
[Round "1.8"]
[White "Hanisch, Bernd"]
[Black "Kuckling, Hannah"]
[Result "0-1"]
[WhiteElo "1969"]
[BlackElo "2114"]
[PlyCount "82"]
[EventDate "2013.??.??"]
[WhiteTeam "Herforder SV Königsspringer 1"]
[BlackTeam "LSV Turm Lippstadt 1"]

1. c4 e5 2. Nc3 Nc6 3. g3 f5 4. Bg2 Nf6 5. e3 d5 6. cxd5 Nb4 7. d4 e4 8. Bf1
Nbxd5 9. Nge2 Be6 10. Nxd5 Bxd5 11. Nc3 Bf7 12. Be2 Be7 13. Bd2 O-O 14. Rc1 Kh8
15. a3 c6 16. Na4 a5 17. O-O Qe8 18. Nb6 Ra7 19. Nc4 a4 20. Ne5 Bb3 21. Qe1 Nd5
22. Nc4 Bd8 23. Bc3 Rf6 24. Nd2 Rh6 25. Nxb3 axb3 26. Bd2 Bg5 27. Rc5 Qe6 28.
Qd1 Ra8 29. Re1 Nf6 30. Re5 Qd7 31. Qxb3 f4 32. Qe6 Qxe6 33. Rxe6 f3 34. Bc4
Re8 35. h4 Rxe6 36. hxg5 Ng4 37. gxh6 Rxh6 38. Bf1 Rh2 39. d5 Rxf2 40. Bc3 Rh2
41. Bc4 Rg2+ 0-1

[Event "SC Hansa Dortmund 2 - SK Holsterhausen "]
[Site "NRW-Klasse, Gruppe 2 2013/201"]
[Date "2013.09.15"]
[Round "1.1"]
[White "Schwalen, Peter"]
[Black "Zelbel, Patrick"]
[Result "0-1"]
[WhiteElo "2077"]
[BlackElo "2379"]
[PlyCount "44"]
[EventDate "2013.??.??"]
[WhiteTeam "SK Holsterhausen 1"]
[BlackTeam "SC Hansa Dortmund 2"]

1. e4 c5 2. Nf3 d6 3. d4 cxd4 4. Nxd4 Nf6 5. Nc3 g6 6. Be3 Bg7 7. f3 O-O 8. Qd2
Nc6 9. Bc4 Bd7 10. O-O-O Rb8 11. Bb3 Na5 12. Kb1 b5 13. Nd5 Nc4 14. Bxc4 bxc4
15. Nxf6+ Bxf6 16. c3 Qa5 17. Ka1 Rb6 18. Nc2 Rxb2 19. Kxb2 Rb8+ 20. Kc1 Bxc3
21. Qxc3 Qxc3 22. Bd4 Qa5 0-1

[Event "SC Hansa Dortmund 2 - SK Holsterhausen "]
[Site "NRW-Klasse, Gruppe 2 2013/201"]
[Date "2013.09.15"]
[Round "1.2"]
[White "Schmittdiel, Eckhard"]
[Black "Walbaum, Klaus"]
[Result "1-0"]
[WhiteElo "2370"]
[BlackElo "2144"]
[PlyCount "55"]
[EventDate "2013.??.??"]
[WhiteTeam "SC Hansa Dortmund 2"]
[BlackTeam "SK Holsterhausen 1"]

1. e4 c5 2. Nf3 e6 3. c3 Nf6 4. d3 d5 5. e5 Nfd7 6. Bf4 Nc6 7. Nbd2 f6 8. exf6
gxf6 9. Be2 e5 10. Bg3 Be7 11. Nh4 O-O 12. Nf5 Nb6 13. Bg4 Kh8 14. O-O Bd6 15.
Nf3 Rg8 16. N3h4 Bf8 17. f4 e4 18. Bh5 Ne7 19. dxe4 Nxf5 20. exf5 Bd7 21. Bf7
Be8 22. Bxg8 Kxg8 23. Qg4+ Kh8 24. Rae1 Bf7 25. Ng6+ hxg6 26. fxg6 Bg8 27. Qh5+
Kg7 28. Bh4 1-0

[Event "SC Hansa Dortmund 2 - SK Holsterhausen "]
[Site "NRW-Klasse, Gruppe 2 2013/201"]
[Date "2013.09.15"]
[Round "1.3"]
[White "Khasin, Abram"]
[Black "Wegener, Olaf"]
[Result "0-1"]
[WhiteElo "2144"]
[BlackElo "2411"]
[PlyCount "46"]
[EventDate "2013.??.??"]
[WhiteTeam "SK Holsterhausen 1"]
[BlackTeam "SC Hansa Dortmund 2"]

1. d4 Nf6 2. c4 e6 3. Nc3 Bb4 4. Qc2 O-O 5. Nf3 c5 6. a3 cxd4 7. axb4 dxc3 8.
bxc3 d6 9. h3 Qc7 10. e4 b6 11. Be3 Nbd7 12. Nd2 Bb7 13. Be2 d5 14. exd5 exd5
15. O-O dxc4 16. Nxc4 Nd5 17. Bd4 Nf4 18. Ne3 Ne5 19. Bb5 Bxg2 20. Bxe5 Qxe5
21. Nxg2 Nxh3+ 22. Kh1 Qxb5 23. f4 Qh5 0-1

[Event "SC Hansa Dortmund 2 - SK Holsterhausen "]
[Site "NRW-Klasse, Gruppe 2 2013/201"]
[Date "2013.09.15"]
[Round "1.5"]
[White "Sicars, Thorsten"]
[Black "Karger, Frank"]
[Result "1/2-1/2"]
[WhiteElo "1945"]
[BlackElo "2231"]
[PlyCount "51"]
[EventDate "2013.??.??"]
[WhiteTeam "SK Holsterhausen 1"]
[BlackTeam "SC Hansa Dortmund 2"]

1. d4 Nf6 2. Bg5 e6 3. Nd2 h6 4. Bh4 c5 5. e3 b6 6. Ngf3 Bb7 7. Bd3 Be7 8. c3
d6 9. Bxf6 Bxf6 10. Qe2 Nc6 11. Ba6 Qc8 12. Bxb7 Qxb7 13. a4 cxd4 14. exd4 O-O
15. h4 d5 16. Ne5 Bxe5 17. dxe5 f6 18. Nf3 Qc7 19. exf6 Rxf6 20. Rd1 Raf8 21.
O-O Qf4 22. Nd4 Nxd4 23. Rxd4 Qc7 24. f3 Kh8 25. Rg4 e5 26. Rd1 1/2-1/2